Mechanics and Statistics (Record no. 9820)

MARC details
000 -LEADER
fixed length control field 00409nam a2200169 4500
020 ## - INTERNATIONAL STANDARD BOOK NUMBER
ISBN 9971073803(Paperback)
082 ## - DEWEY DECIMAL CLASSIFICATION NUMBER
Classification number 519.5ONG
100 ## - MAIN ENTRY--AUTHOR NAME
Personal name Ong, E H
245 ## - TITLE STATEMENT
Title Mechanics and Statistics
260 ## - PUBLICATION, DISTRIBUTION, ETC. (IMPRINT)
Place of publication Singapore:
Name of publisher Educational Publishers,
Year of publication 1990.
300 ## - PHYSICAL DESCRIPTION
Number of Pages 307p. ;
650 ## - SUBJECT ADDED ENTRY--TOPICAL TERM
Topical Term Mathematical statistics
650 ## - SUBJECT ADDED ENTRY--TOPICAL TERM
Topical Term Mathematics
650 ## - SUBJECT ADDED ENTRY--TOPICAL TERM
Topical Term Mechanics
650 ## - SUBJECT ADDED ENTRY--TOPICAL TERM
Topical Term Statistics
942 ## - ADDED ENTRY ELEMENTS (KOHA)
Koha item type Books
Holdings
Withdrawn status Lost status Collection code Home library Current library Date acquired Cost, normal purchase price Full call number Accession Number Koha item type
    Reference Reference Section Reference Section 11/09/2014 190.77 519.5ONG (Shelf - 31A) 17021 Books